[Event "Ceske Budejovice op"]
[Site "Ceske Budejovice"]
[Date "2021.07.08"]
[Round "8"]
[White "Novotny, Michal"]
[Black "Musil, Vitezslav"]
[Result "1-0"]
[WhiteElo "2243"]
[BlackElo "1918"]
[PlyCount "91"]
[EventDate "2021.07.01"]
[EventType "swiss"]
[EventRounds "9"]
[EventCountry "CZE"]
[SourceTitle "CBM 203 Extra"]
[Source "ChessBase"]
[SourceDate "2021.09.30"]
[SourceVersion "1"]
[SourceVersionDate "2021.09.30"]
[SourceQuality "1"]

1. d4 Nf6 2. c4 g6 3. Nc3 Bg7 4. e4 d6 5. Nf3 0-0 6. Be2 e5 7. 0-0 Nc6 8. d5 Ne7 9. Ne1 Nd7 10. Nd3 c5 11. Nb5 Nf6 12. f3 a6 13. Nc3 Kh8 14. Rb1 Neg8 15. g4 Ne8 16. g5 f5 17. h4 f4 18. Kf2 Rf7 19. Rh1 Bf8 20. Qg1 Ng7 21. Bf1 Nh5 22. Bh3 Bxh3 23. Rxh3 b5 24. Kg2 Rb8 25. cxb5 axb5 26. b4 c4 27. Nf2 Qb6 28. Bb2 Bg7 29. Ng4 Qxg1+ 30. Kxg1 Rfb7 31. Rh2 Ra8 32. a4 bxa4 33. Ba3 Ne7 34. b5 Nc8 35. Rc2 Kg8 36. Na2 Bf8 37. Rxc4 Nb6 38. Rc6 Nc8 39. Nc3 Rab8 40. Kf2 Ra8 41. Ke2 Be7 42. Ra6 Nb6 43. Nxa4 Rab8 44. Nxb6 Rxb6 45. Rxb6 Rxb6 46. Nxe5 1-0

[Event "Ceske Budejovice op"]
[Site "Ceske Budejovice"]
[Date "2021.07.06"]
[Round "6"]
[White "Novotny, Michal"]
[Black "Pavlicek, Petr"]
[Result "1-0"]
[WhiteElo "2243"]
[BlackElo "1822"]
[PlyCount "45"]
[EventDate "2021.07.01"]
[EventType "swiss"]
[EventRounds "9"]
[EventCountry "CZE"]
[SourceTitle "CBM 203 Extra"]
[Source "ChessBase"]
[SourceDate "2021.09.30"]
[SourceVersion "1"]
[SourceVersionDate "2021.09.30"]
[SourceQuality "1"]

1. d4 Nf6 2. c4 g6 3. Nc3 d5 4. cxd5 Nxd5 5. e4 Nxc3 6. bxc3 Bg7 7. Nf3 0-0 8. Rb1 c5 9. Be2 Nc6 10. d5 Ne5 11. Nxe5 Bxe5 12. Qd2 Qa5 13. Rb3 Rd8 14. 0-0 Bg7 15. Bb2 e5 16. Ra3 Qc7 17. c4 Qe7 18. f4 f5 19. exf5 Bxf5 20. fxe5 Qh4 21. e6 Qe7 22. Bxg7 Qxg7 23. Rxf5 1-0

[Event "Ceske Budejovice op"]
[Site "Ceske Budejovice"]
[Date "2021.07.01"]
[Round "1"]
[White "Hurtik, Matej"]
[Black "Novotny, Michal"]
[Result "1/2-1/2"]
[WhiteElo "1932"]
[BlackElo "2243"]
[PlyCount "46"]
[EventDate "2021.07.01"]
[EventType "swiss"]
[EventRounds "9"]
[EventCountry "CZE"]
[SourceTitle "CBM 203 Extra"]
[Source "ChessBase"]
[SourceDate "2021.09.30"]
[SourceVersion "1"]
[SourceVersionDate "2021.09.30"]
[SourceQuality "1"]

1. e4 e6 2. d4 d5 3. Nd2 a6 4. Ngf3 c5 5. exd5 exd5 6. Be2 Nf6 7. 0-0 Be7 8. dxc5 Bxc5 9. Nb3 Bb6 10. Bg5 0-0 11. c3 Nc6 12. Bxf6 Qxf6 13. Qxd5 h6 14. Nfd4 Ne5 15. Rad1 Re8 16. h3 Ng6 17. Bd3 Nf4 18. Qf3 Re5 19. Rfe1 Bc7 20. Bc2 g6 21. Rxe5 Qxe5 22. Kf1 Ne6 23. Re1 Qh2 1/2-1/2

[Event "CZE-ch Betsys Online Blitz"]
[Site "Chess.com INT"]
[Date "2021.04.17"]
[Round "7"]
[White "Novotny, Michal"]
[Black "Nezval, Filip1111"]
[Result "1/2-1/2"]
[WhiteElo "2243"]
[BlackElo "2002"]
[PlyCount "90"]
[EventDate "2021.04.17"]
[EventType "swiss (blitz)"]
[EventRounds "13"]
[EventCountry "CZE"]
[SourceTitle "CBM 201 Extra"]
[Source "ChessBase"]
[SourceDate "2021.05.31"]
[SourceVersion "1"]
[SourceVersionDate "2021.05.31"]
[SourceQuality "1"]

1. d4 Nf6 2. Nc3 c5 3. d5 g6 4. e4 d6 5. Nf3 Bg7 6. Bb5+ Bd7 7. a4 0-0 8. 0-0 a6 9. Be2 Bg4 10. Nd2 Bxe2 11. Qxe2 Nbd7 12. Nc4 b6 13. h3 Qc7 14. Bf4 Rab8 15. Rfe1 b5 16. axb5 axb5 17. Na5 b4 18. Nb5 Qb6 19. c4 bxc3 20. Nxc3 Qxb2 21. Qxb2 Rxb2 22. Nc6 Re8 23. Ra7 Kf8 24. Nd1 Rb3 25. f3 Nb6 26. Ne3 Nfd7 27. Nc4 Nxc4 28. Rxd7 Ne5 29. Bxe5 Bxe5 30. Nxe5 dxe5 31. Rc7 Rc3 32. Ra1 Rb8 33. Raa7 Rb2 34. Rxe7 Rcc2 35. Rxf7+ Kg8 36. Rg7+ Kf8 37. Raf7+ Ke8 38. Rb7 Rxg2+ 39. Kf1 Rgf2+ 40. Ke1 Rfe2+ 41. Kd1 Red2+ 42. Kc1 Rdc2+ 43. Kd1 Rd2+ 44. Ke1 Re2+ 45. Kd1 Red2+ 1/2-1/2